000 00656nam a2200217 i 4500
001 10569
003 ES-MaACL
005 20230906145919.0
007 t|
008 950825s1958 sp f |||| | spa d
080 _a914.681 Costa del Sol
100 1 _aCruces Pozo, José.
_941762
245 1 3 _aLa Costa del Sol /
_cpor José Cruces Pozo.
260 _aMadrid :
_bPublicaciones Españolas,
_c1958.
300 _a29 p., [4] p. de lám. ;
_c24 cm.
490 1 _aTemas españoles ;
_v361
651 4 _aCosta del Sol-
_xDescripción.
_9168712
830 0 _aTemas españoles ;
_v361
_9178712
852 _aES-MaACL
_jL-17829
999 _c10569
_d10569